Guess the Billie Eilish Song - 3 - Statistics

General Stats
  • This quiz has been taken 304 times
  • The average score is 144 of 281
Answer Stats
Answer % Correct
I
99%
you
95%
The
84%
the
84%
when
79%
me
77%
to
73%
don't
68%
I'm
67%
love
67%
you're
66%
where
65%
and
63%
what
62%
it
60%
want
56%
for
55%
then
55%
not
54%
so
52%
were
50%
say
47%
that
47%
but
43%
just
43%
can't
41%
all
40%
see
40%
of
39%
need
37%
Bored
33%
bored
33%
any
32%
free
31%
never
31%
you'd
30%
out
28%
think
27%
afraid
26%
about
25%
every
25%
Givin'
25%
givin'
25%
leave
25%
games
24%
more
24%
run
24%
stay
24%
beggin'
23%
door
23%
live
23%
played
23%
sure
23%
anymore
22%
fun
22%
set
22%
walk
22%
Ah
21%
(ah)
21%
forget
21%
(mm)
21%
makes
20%
teachin'
19%
alone
18%
without
18%
gettin'
17%
piece
16%
scores
16%
settled
16%
torn
16%
fair
14%
home
14%
hope
14%
shit's
14%
knows
12%
afford
11%
God
11%
No matching quizzes found
Score Distribution
Percent of People with Each Score
Percentile by Number Answered
Your Score History
You have not taken this quiz